Carte des monnaies du monde - Statistiques

Statistiques générales
  • Ce quiz a été pris 192 fois
  • Le résultat moyen est 123 sur 196
Réponses sur la Carte
Les réponses sont colorées sur une échelle allant du rouge au vert en fonction du pourcentage des utilisateurs qui les ont devinées à leur premier essai. Vous pouvez retrouver ces pourcentages ci-dessous.
 
Statistiques - réponses
Pays Monnaie % Correct
Panama Balboa, Dollar américain
99%
Equateur | Etats-Unis | Marshall | +3 others Dollar américain
99%
Salvador Dollar américain, Bitcoin
99%
Australie | Kiribati Dollar australien
99%
Tuvalu Dollar australien, Dollar Tuvaluan
99%
Bahamas Dollar bahaméen
99%
Belize Dollar belizien
99%
Canada Dollar canadien
99%
Brunei Dollar de Brunei
99%
Barbade Dollar de la Barbade
99%
Antigua-et-Barbuda | Dominique | Grenade | +3 others Dollar des Caraïbes de l’Est
99%
Fidji Dollar des Fidji
99%
Singapour Dollar de Singapour
99%
Salomon Dollar des Salomon
99%
Trinité-et-Tobago Dollar de Trinité-et-Tobago
99%
Guyana Dollar du Guyana
99%
Suriname Dollar du Suriname
99%
Jamaique Dollar jamaïcain
99%
Libéria Dollar libérien
99%
Namibie Dollar namibien
99%
Nouvelle-Zélande Dollar néo-zélandais
99%
Allemagne | Andorre | Autriche | +23 others Euro
99%
Taïwan Nouveau dollar de Taïwan
99%
Nauru Dolllar australien
95%
Japon Yen
93%
Argentine Peso argentin
90%
Chili Peso chilien
90%
Colombie Peso colombien
90%
Cuba Peso cubain
90%
République Dominicaine Peso dominicain
90%
Mexique Peso mexicain
90%
Philippines Peso philippin
90%
Uruguay Peso uruguayen
90%
Burundi Franc burundais
86%
Cameroun | Gabon | Guinée équatoriale | +2 others Franc C.F.A. (Af. Centrale)
86%
Tchad Franc C.F.A. (Af.Centrale)
86%
Burkina Faso | Bénin | Côte d'ivoire | +2 others Franc C.F.A. (Af. Ouest)
86%
Niger Franc C.F.A.(Af. Ouest)
86%
Sénégal | Togo Franc C.F.A. (Af.Ouest)
86%
Comores Franc comorien
86%
République Démocratique du Congo Franc congolais
86%
Djibouti Franc Djibouti
86%
Guinée Franc guinéen
86%
Rwanda Franc rwandais
86%
Liechtenstein | Suisse Franc suisse
86%
Turquie Lire turque
85%
Egypte Livre égyptienne
85%
Liban Livre libanaise
85%
Soudan Livre soudanaise
85%
Royaume-Uni Livre sterling
85%
Soudan du Sud Livre sud-soudanaise
85%
Syrie Livre syrienne
85%
Russie Rouble
75%
Biélorussie Rouble biélorusse
75%
Danemark Couronne danoise
70%
Islande Couronne islandaise
70%
Norvège Couronne norvégienne
70%
Suède Couronne suédoise
70%
République Tchèque Couronne tchèque
69%
Macédoine Denar
69%
Algérie Dinar algérien
69%
Bahreïn Dinar bahreïni
69%
Irak Dinar irakien
69%
Jordanie Dinar jordanien
69%
Koweït Dinar koweïtien
69%
Libye Dinar libyen
69%
Serbie Dinar serbe
69%
Tunisie Dinar tunisien
69%
Bhoutan Ngultrum, Roupie
66%
Inde Roupie indienne
66%
Indonesie Roupie indonésienne
66%
Maurice Roupie mauricienne
66%
Népal Roupie népalaise
66%
Pakistan Roupie pakistanaise
66%
Seychelles Roupie seychelloise
66%
Sri Lanka Roupie srilankaise
66%
Chine Yuan
65%
Émirats arabes unis Dirham émirati
64%
Maroc Dirham marocain
64%
Iran Rial iranien
52%
Oman Rial omanais
52%
Brésil Real
52%
Cambodge Riel
52%
Arabie Saoudite Riyal d'Arabie saoudite
52%
Qatar Riyal qatari
52%
Yémen Riyal yéménite
52%
Corée du Nord Won nord-coréen
46%
Corée du Sud Won sud-coréen
46%
Pologne Zloty
45%
Thaïlande Baht
38%
Venezuela Bolivar
29%
Viêt Nam Dong
27%
Moldavie | Roumanie Leu
27%
Bulgarie Lev
26%
Kenya Shilling kenyan
26%
Ouganda Shilling ougandais
26%
Somalie Shilling somalien
26%
Tanzanie Shilling tanzanien
26%
Hongrie Forint
25%
Afrique du sud Rand
25%
Albanie Lek
21%
Israel Nouveau Shekel
21%
Bosnie-Herzégovine Mark convertible
19%
Afghanistan Afghani
17%
Haïti Gourde
17%
Guatemala Quetzal
17%
Pérou Sol
16%
Kirghizistan | Ouzbékistan Som
15%
Cap-vert Escudo cap-verdien
14%
Ukraine Hryvnia
14%
Paraguay Guarani
13%
Bolivie Boliviano
12%
Azerbaïdjan | Turkménistan Manat
12%
Éthiopie Birr éthiopien
11%
Laos Kip
10%
Zimbabwe Or du Zimbabwe
10%
Malaisie Ringgit
10%
Vanuatu Vatu
10%
Costa Rica Colon costaricien
9%
Malawi Kwacha malawite
9%
Zambie Kwacha zambien
9%
Angola Kwanza
9%
Sierra Leone Leone
9%
Honduras Lempira
8%
Bangladesh Taka
8%
Kazakhstan Tenge
8%
Mongolie Tugrik
8%
Tadjikistan Somoni
7%
Arménie Dram
6%
Myanmar Kyat
6%
Ghana Cedi
5%
Nicaragua Córdoba
5%
Géorgie Lari géorgien
5%
Nigeria Naira
5%
Mauritanie Ouguiya
5%
Botswana Pula
4%
Madagascar Ariary
3%
Lesotho Loti
3%
Mozambique Metical
3%
Erythrée Nakfa érythréen
3%
Tonga Paʻanga
3%
Malives Rufiyaa
3%
Samoa Tala
3%
Gambie Dalasi
2%
Sao Tomé-et-Principe Dobra
2%
Papouasie-Nouvelle- Guinée Kina
2%
Eswatini Lilangeni
2%
Aucun quiz correspondant
Distribution des résultats
% des personnes avec chaque résultat
Percentile par nombre de réponses
Votre historique - résultats
Vous n’avez pas pris ce quiz